000 00355 a2200157 4500
001 168740
020 _a
040 _cMagnum
100 _aRibeiro, Vanise
240 1 0 _aBrasil: encontros com a historia/v.4
_lpor
245 1 0 _aBrasil: encontros com a historia/v.4
362 0 _a1899
440 1 _aDo Brasil
697 _aPARADIDATICO
942 _cBK
999 _c168740
_d168740